000 00813nam a22002538i 4500
001 019531821
003 EG-ScBUE
005 20251201104040.0
008 190725s2019 enk 000 0 eng d
020 _a9781783784042 (pbk.)
040 _aStDuBDS
_beng
_erda
_cStDuBDS
_dEG-ScBUE
082 0 4 _a782.4216490922
_222
_bASH
100 1 _aAshon, Will,
_eauthor.
245 1 0 _aChamber music :
_babout the Wu-Tang (in 36 pieces) /
_cWill Ashon.
264 1 _aLondon :
_bGranta,
_c2019.
300 _a374 pages ;
_c20 cm
336 _atext
_2rdacontent
_btxt
337 _aunmediated
_2rdamedia
_bn
338 _avolume
_2rdacarrier
_bnc
610 2 7 _aWu-Tang Clan (Musical group).
_tEnter the Wu-Tang (36 Chambers)
650 7 _aRap (Music)
_xHistory and criticism.
_2BUEsh
655 _vReading book
942 _2ddc
_cBB
999 _c31040
_d31011